Largest Cities that Contain the Letter F - Statistics

General Stats
  • This quiz has been taken 401 times
    195 since last reset
  • The average score is 11 of 25
Answer Stats
Population City % Correct
3,275,000 Frankfurt
90%
7,950,000 San Francisco
88%
1,240,000 Sofia
84%
1,330,000 Fez
78%
1,340,000 Freetown
78%
1,000,000 Florence
75%
3,775,000 Fortaleza
66%
2,800,000 Fukuoka
62%
4,550,000 Fuzhou
57%
3,925,000 Recife
57%
3,950,000 Faisalabad
51%
3,350,000 Isfahan
49%
1,530,000 Sheffield
47%
7,500,000 Hefei
43%
1,000,000 Fresno
37%
1,220,000 Ufa
34%
1,420,000 Buffalo
24%
1,050,000 Florianopolis
17%
1,680,000 Hartford
8%
3,075,000 Weifang
7%
1,010,000 Najaf
6%
1,310,000 Fuyang
4%
1,020,000 Hofuf
4%
1,270,000 Kaifeng
4%
1,140,000 Chifeng
1%
No matching quizzes found
Score Distribution
Percent of People with Each Score
Percentile by Number Answered
Your Score History
You have not taken this quiz since the last reset